Public Health Policy: Reduction of Obesity and the Risk of Diabetes Mellitus in the Czech Republic

Behaviorálna ekonómia a zdravotná politika. Zdravotná politika a zainteresované strany. Možnosti redukcie obezity a rizika diabetes mellitus v Českej republike.

Uložené v:
Podrobná bibliografia
Hlavný autor: Kovács, Radek
Médium: Kapitola
Jazyk:English
Predmet:
Tagy: Pridať tag
Žiadne tagy, Buďte prvý, kto otaguje tento záznam!

MARC

LEADER 00000naa a2200000 4500
001 0284665
005 20240417075207.9
041 0 |a eng 
044 |a SK 
245 1 0 |a Public Health Policy: Reduction of Obesity and the Risk of Diabetes Mellitus in the Czech Republic  |c Radek Kovács 
520 |a Behaviorálna ekonómia a zdravotná politika. Zdravotná politika a zainteresované strany. Možnosti redukcie obezity a rizika diabetes mellitus v Českej republike. 
610 2 0 |a zdravie 
610 2 0 |a ekonómia behaviorálna 
610 2 0 |a politika zdravotná 
610 2 0 |a refundácia 
610 2 0 |a Česko 
100 1 |a Kovács, Radek